| 000 | 00571cam a2200217 a 4500 | ||
|---|---|---|---|
| 001 | 3262972 | ||
| 005 | 20180316043344.0 | ||
| 008 | 820601s1982 nyu f 000 0 eng | ||
| 010 | _a 81085306 | ||
| 020 | _a0155318373 | ||
| 040 |
_aDLC _cDLC _dDLC |
||
| 041 | _aeng | ||
| 080 | _a808.042 | ||
| 082 | 0 | 0 |
_a808.042 HOD _219 |
| 100 | 1 | _a25 | |
| 101 | _aEDU | ||
| 245 | 1 | 0 |
_aHarbrace college handbook / _cJohn C. Hodges and Mary E. Whitten. |
| 740 | 0 | _aHodge's Harbrace college handbook. | |
| 906 |
_a7 _bcbc _corignew _d2 _eopcn _f19 _gy-gencatlg |
||
| 942 |
_2ddc _cBK |
||
| 999 |
_c45199 _d45199 |
||